| 000 | 00720nac a22001811u 4500 | ||
|---|---|---|---|
| 020 | _a013156966X | ||
| 082 |
_a320.3 _bR731 |
||
| 090 |
_c2300 _d2300 |
||
| 100 | _aRoskin, Michael G. | ||
| 245 |
_aCountries and concepts : _bPolitics,geography,culture / _cMichael G. Roskin. |
||
| 250 | _a9th ed. | ||
| 260 |
_aUpper Saddle River,NJ. : _bPearson/Prentice-Hall ,2007 _c2007. |
||
| 300 |
_axxxxiv,604 p. : _bill. ; _c23 cm. |
||
| 504 | _aIncludes bibliographical references and index | ||
| 650 | _aComparative government. | ||
| 942 |
_cBB _k320.3 R731 |
||
| 999 |
_c2300 _d2300 |
||